000 00634nam a2200265Ia 4500
005 20260121171141.0
008 008 260114s9999 xx 000 0 eng d
020 _a9783030144937
037 _aEBOOK
040 _aCRL
040 _beng
040 _cCRL
041 _2eng
041 _aeng
084 _qCRL
100 _aPeter Wells
_91072656
245 0 _aContemporary Operations and Logistics
260 _bSpringer
260 _bSpringer
260 _c2019
856 _uhttps://link.springer.com/openurl?genre=book&isbn=978-3-030-14493-7
942 _cEBOOK
999 _c1638386
_d1638386